000 00907nam a2200253Ia 4500
003 GCL
008 140319s9999 xx 000 0 ara d
040 _aGCL /
_cGCL
082 0 4 _a540.092
_bف ا
100 1 _aفاضل احمد الطائى
245 1 0 _aاعلام العرب فى الكيمياء /
_cفاضل احمد الطائى
260 _a[S.N] :
_bالهيئة المصرية العامة للكتاب ،
_c1986
300 _a366
490 _aالالف كتاب الثانى
_v0
650 0 4 _aتاريخ
650 0 4 _aالحضارة العربية الاسلامية - المعارف البحرية
650 0 4 _aالكيمياء
650 0 4 _aالعلوم عند العرب
650 0 4 _aالعلماء المسلمون
650 0 4 _aالحضارة الاسلامية
650 0 4 _aالعلماء العرب
650 0 4 _aالكيميائيون - تراجم
942 _2ddc
_cBK
999 _c29319
_d29319